Mask making /

Provides step-by-step instructions for making ghoulish and other kinds of masks from such materials as egg cartons, paper, and plastic foam.

Bibliographic Details
Main Author: Alkema, Chester Jay
Format: Book
Language:English
Published: New York : London : Sterling Pub. Co. ; Oak Tree Press, [1981]
Subjects:

MARC

Tag First Indicator Second Indicator Subfields
LEADER 00000pam a2200000 a 4500
001 in00000076156
005 20151008060444.0
008 810211s1981 nyua j 00110 eng
010 |a  80054343  
020 |a 0806970383 
020 |a 0806970391 (lib. bdg.) :  |c $8.29 
035 |a (OCoLC)07277068 
035 |9 AAJ5790AM 
039 0 |a 2  |b 3  |c 3  |d 3  |e 3 
040 |a DLC  |c DLC  |d TXA  |d UtOrBLW 
049 |a [Curr Col] TXAM  |c [1560417] 
050 0 0 |a TT898  |b .A43 
082 0 |a 731/.75  |2 19 
100 1 |a Alkema, Chester Jay. 
245 1 0 |a Mask making /  |c Chester J. Alkema. 
264 1 |a New York :  |b Sterling Pub. Co. ;  |a London :  |b Oak Tree Press,  |c [1981] 
264 4 |c ©1981 
300 |a 94 pages :  |b illustrations (some color) ;  |c 19 cm. 
336 |a text  |b txt  |2 rdacontent 
337 |a unmediated  |b n  |2 rdamedia 
338 |a volume  |b nc  |2 rdacarrier 
500 |a "A combined edition of Masks, c1971, and Monster masks, c1973." 
500 |a Includes index. 
520 |a Provides step-by-step instructions for making ghoulish and other kinds of masks from such materials as egg cartons, paper, and plastic foam. 
650 0 |a Masks. 
650 1 |a Masks. 
650 1 |a Handicraft. 
700 1 |a Alkema, Chester Jay.  |t Masks. 
700 1 |a Alkema, Chester Jay.  |t Monster masks. 
999 |a MARS 
999 f f |s 4d9346c4-f118-392c-b2a6-a0e9e87e1c35  |i b550ee7b-a019-3e62-a4dc-cd5058cc789d  |t 0 
952 f f |p ric  |a Texas A&M University  |b Rellis Campus  |c Joint Library Facility  |d Remote Storage  |t 0  |e TT898 .A43  |h Library of Congress classification  |i unmediated -- volume  |m A14806056632 
998 f f |a TT898 .A43  |t 0  |l Remote Storage